Dutch Association Football Champions - Statistics

General Stats
  • This quiz has been taken 389 times
  • The average score is 87 of 129
Answer Stats
Season Champion % Correct
1917-1918 | 1918-1919 | 1930-1931 | +30 others Ajax
100%
1923-1924 | 1927-1928 | 1935-1936 | +12 others Feyenoord
98%
1928-1929 | 1934-1935 | 1950-1951 | +21 others PSV Eindhoven
98%
1980-1981 AZ '67
87%
2008-2009 AZ Alkmaar
87%
2009-2010 FC Twente
84%
1908-1909 | 1910-1911 | 1911-1912 | +3 others Sparta Rotterdam
73%
1915-1916 | 1951-1952 | 1954-1955 Willem II
45%
1920-1921 NAC Breda
42%
1941-1942 | 1942-1943 ADO Den Haag
40%
1955-1956 Rapid JC
34%
1916-1917 | 1921-1922 | 1929-1930 | 1932-1933 Go Ahead Eagles
33%
1953-1954 FC Eindhoven
29%
1926-1927 | 1940-1941 Heracles Almelo
29%
1945-1946 Haarlem
25%
1963-1964 DWS
20%
1957-1958 VV DOS
17%
1889-1890 | 1892-1893 | 1894-1895 KHFC
16%
1947-1948 BVV Den Bosch
14%
1890-1891 | 1895-1896 | 1899-1900 | +7 others HVV Den Haag
13%
1925-1926 SC Enschede
12%
1891-1892 | 1893-1894 | 1896-1897 | +2 others RAP
10%
1907-1908 Quick Den Haag
9%
1919-1920 Be Quick 1887
6%
1943-1944 De Volewijckers
5%
1903-1904 | 1905-1906 | 1924-1925 HBS Craeyenhout
5%
1948-1949 SVV
5%
1922-1923 | 1952-1953 RCH
4%
1888-1889 VV Concordia
4%
1949-1950 BSV Limburgia
3%
No matching quizzes found
Score Distribution
Percent of People with Each Score
Percentile by Number Answered
Your Score History
You have not taken this quiz